Кърпена глава (Запис номер 204769)
[ съкратено ]
| 000 -Лидер | |
|---|---|
| Контролно поле с фиксирана дължина | 01584nam a2200409 a 4500 |
| 003 - Код на организацията, давaща контролен номер | |
| Контролно поле | BLK |
| 005 - Дата и час на последна редакция | |
| Контролно поле | 20250510153350.0 |
| 008 - Елементи от данни с фиксирана дължина | |
| fixed length control field | 180411b bul|||||r ||||||| ||bul|| |
| 020 ## - Международен стандартен номер на книга ISBN | |
| Международен стандартен номер на книга ISBN | 3800083821199 |
| 020 ## - Международен стандартен номер на книга ISBN | |
| Международен стандартен номер на книга ISBN | 9786191992195 |
| 040 ## - Източник на каталожния запис | |
| Идентификатор на билиотеката - собственик на записа | BLK |
| 041 ## - Код за език | |
| Код за езика на текст/звукозапис или на отделно заглавие | Български |
| Код за езика КДБФ | Български |
| 072 #7 - Код за тематичната категория | |
| Код организация | bullib |
| Код за тематична категория | Н85 |
| Текст | Детска художествена литература Н |
| 080 ## - УДК | |
| Текстов определител УДК | Английска литература |
| УДК код - определител по УДК | 821.111 |
| УДК определител | -93-312.9 |
| УДК - код + определител | 821.111-93-312.9 |
| 100 1# - Редна дума - Автор | |
| Автор | Бас, Гай |
| Авторска отговорност | първи автор |
| R(LIN) | 348992 |
| 139 ## - Редно поле | |
| Редна дума | Бас, Гай |
| Авторски знак | Бару - Б 27 |
| 245 10 - Сведения за заглавието | |
| Заглавие | Кърпена глава |
| Подзаглавни данни | Кн. 1 - |
| Редно поле (дума) | Гай Бас; прев. Ирина Борисова Манушева; ил. Pete Williamson. |
| Том | Кн. 1 |
| 257 ## - Страна на издаване | |
| Страна на създаване/издаване | Великобритания |
| 260 ## - Област на издателските данни | |
| Година на издаване | 2017 |
| Печатница | София : Мултипринт |
| 9 (RLIN) | 209475 |
| Място на издаване, разпространение и проч. | София |
| Име на издателя, разпространителя и проч. | Фют |
| Издателство - префикс ISBN | 978-619-199- ; 978-954-625- |
| 300 ## - Физическа характеристика | |
| Размери/Мащаб | 20 см |
| 380 ## - Жанр | |
| Жанр | Детска худож. лит. |
| 500 ## - Общи забележки | |
| Забележка | Ориг. загл.: Stitch head / Guy Bass. - Името на прев. отбелязано в изд. каре |
| 653 ## - Ключова дума – ненормативна | |
| 9 (RLIN) | 200736 |
| Ключова дума | чудовища |
| 653 ## - Ключова дума – ненормативна | |
| 9 (RLIN) | 199837 |
| Ключова дума | Хелоуин |
| 700 1# - Други автори (авторска отговорност) | |
| Лично име | Манушева, Ирина Борисова |
| 9 (RLIN) | 368041 |
| 700 ## - Други автори (авторска отговорност) | |
| Лично име | Уилямсън, Пит |
| Автороска отговорност (Описва отношението между автора и произведението) | ил. |
| 9 (RLIN) | 480069 |
| 760 1# - Описание на основната серия | |
| Редна дума на основното описание | Бас, Гай |
| Място на издаване, издател и година | Фют, 2017 |
| Страници - том | 191 с. : с ил. |
| Заглавие | Кн. 1 |
| 852 ## - Местоположение | |
| Форматна сигнатура | Цб 286541 |
| 856 4# - Електронен адрес и достъп | |
| Електронен формат | pdf - файл |
| 856 4# - Електронен адрес и достъп | |
| Електронен формат | pdf - файл |
| 942 ## - АРТИКУЛИ | |
| Вид на библиотечния материал | Книги |
| Скрит в OPAC | Не |
| Koha issues (borrowed), all copies | 39 |
| Периодичен библиозапис | Да |
| 944 ## - СЪЗДАВАНЕ И РЕДАКЦИЯ на ЗАПИСА | |
| Създаване/Редакция | Създаване |
| Дата на регистрацията/редакция | 17.11.2017 |
| Служител, извършил регистрацията/редакцията | 30564 |
| Статус, дата на статуса | Анна Гръцманова |
| 944 ## - СЪЗДАВАНЕ И РЕДАКЦИЯ на ЗАПИСА | |
| Създаване/Редакция | Редакция |
| Дата на регистрацията/редакция | 17.01.2018 |
| Служител, извършил регистрацията/редакцията | Грета_Цуфелде |
| 999 ## - СИСТЕМНИ КОНТРОЛНИ НОМЕРА | |
| Koha biblionumber | 204769 |
| Koha biblioitemnumber | 204769 |
| 999 ## - СИСТЕМНИ КОНТРОЛНИ НОМЕРА | |
| Koha biblioitemnumber | 204769 |
| 999 ## - СИСТЕМНИ КОНТРОЛНИ НОМЕРА | |
| Koha biblioitemnumber | 204769 |
| 999 ## - СИСТЕМНИ КОНТРОЛНИ НОМЕРА | |
| Koha biblioitemnumber | 204769 |
| Код за отписване | Код за изгубен артикул | Код за повреда | Коз за рестрикции | Код за отдаване | Артикулен № | Име на библиотеката - собственик | Име на библиотеката, в която се намира в момента | Статус (Текущо местоположение) | Дата на вписване в системата | Местоположение - отдел | Цена в лева | Инвентарен номер | Систематично азбучна сигнатура | Баркод | Номер на екземпляра | Цена в евро | Служебна бележка | Служебен тип на артикула | Източник на класификационната схема |
|---|---|---|---|---|---|---|---|---|---|---|---|---|---|---|---|---|---|---|---|
| Не е изгубен | Не е повреден | без рестрикции | ползва се в читалня | 352900 | Регионална библиотека "Любен Каравелов" Русе | Регионална библиотека "Любен Каравелов" Русе | Хранилище | 2017-11-23 | Хранилище | 7.99 | 120000817233 | Цб 286541 | 120000817233 | 1 | 4.09 | Дост: Dp Вид: Д N: 43 Дата: 28.09.2017 | Книги | ||
| Не е изгубен | Не е повреден | без рестрикции | заемане за дома | 902563 | Регионална библиотека "Любен Каравелов" Русе | Регионална библиотека "Любен Каравелов" Русе | Детски отдел | 2022-09-01 | Детски отдел | 8.99 | 821-93/Б 27 Г | 120000875479 | 4.60 | Книги | Universal Decimal Classification | ||||
| Не е изгубен | Не е повреден | без рестрикции | заемане за дома | 923350 | Регионална библиотека "Любен Каравелов" Русе | Регионална библиотека "Любен Каравелов" Русе | Детски отдел | 2023-02-17 | Детски отдел | 7.42 | 821-93/Б 27 Г | 120000882831 | 3.79 | Книги | Universal Decimal Classification | ||||
| Не е изгубен | Не е повреден | без рестрикции | заемане за дома | 923351 | Регионална библиотека "Любен Каравелов" Русе | Регионална библиотека "Любен Каравелов" Русе | Детски отдел | 2023-02-17 | Детски отдел | 7.42 | 821-93/Б 27 Г | 120000882829 | 3.79 | Книги | Universal Decimal Classification | ||||
| Не е изгубен | Не е повреден | без рестрикции | заемане за дома | 923352 | Регионална библиотека "Любен Каравелов" Русе | Регионална библиотека "Любен Каравелов" Русе | Детски отдел | 2023-02-17 | Детски отдел | 7.42 | 821-93/Б 27 Г | 120000882832 | 3.79 | Книги | Universal Decimal Classification | ||||
| Не е изгубен | Не е повреден | без рестрикции | заемане за дома | 923353 | Регионална библиотека "Любен Каравелов" Русе | Регионална библиотека "Любен Каравелов" Русе | Детски отдел | 2023-02-17 | Детски отдел | 7.42 | 821-93/Б 27 Г | 120000882828 | 3.79 | Книги | Universal Decimal Classification | ||||
| Не е изгубен | Не е повреден | без рестрикции | заемане за дома | 923354 | Регионална библиотека "Любен Каравелов" Русе | Регионална библиотека "Любен Каравелов" Русе | Детски отдел | 2023-02-17 | Детски отдел | 7.42 | 821-93/Б 27 Г | 120000882830 | 3.79 | Книги | Universal Decimal Classification | ||||
| Не е изгубен | Не е повреден | без рестрикции | заемане за дома | 925799 | Регионална библиотека "Любен Каравелов" Русе | Регионална библиотека "Любен Каравелов" Русе | Детски отдел | 2023-03-29 | Детски отдел | 7.99 | 120000885146 | 821-93/Б 12 Г | 120000885146 | 4.09 | Книги | Universal Decimal Classification |